000 00470nab a2200145Ia 4500
003 ES-SlBCS
005 20210601133828.0
008 140529s1996 xxu||||| |||| 00| 0 por d
041 _apor
100 1 _aCapalbo, Creusa
_9185547
245 0 0 _aÉtica e violência: Reflexôes sobre a ética em Lévinas
_c Creusa Capalbo
600 1 _aLévinas, Emmanuel-Violencia
_9210285
773 0 _tPresença Filosofica
_gvol. 21, nº. 1-2, 1996, págs. 109-129
_wRev966
942 _cAR
999 _c602786
_d602786